000 00284nam a22001337a 4500
008 170512b xxu||||| |||| 00| 0 eng d
020 _a9780071754217
041 _aeng
080 _a94
100 _a16
101 _aSHH
245 _aEUROPEAN HISTORY
_cMUNTONE,S
942 _2udc
_cBK
999 _c13273
_d13273